|
|
|
|
| LEADER |
01472nam a2200313 a 4500 |
| 001 |
1979785 |
| 008 |
090706s1989 enk b 001 0 eng d |
| 010 |
|
|
|a \\\89009369
|
| 020 |
|
|
|a 0192818309 :
|c $6.95 (U.S.)
|
| 020 |
|
|
|a 0192839004
|
| 040 |
|
|
|a DLC
|c DLC
|d DLC
|
| 082 |
0 |
0 |
|a 801.95/0938
|2 20
|
| 245 |
0 |
0 |
|a Classical literary criticism /
|c edited by D.A. Russell and M. Winterbottom.
|
| 250 |
|
|
|a Rev. ed.
|
| 260 |
|
|
|a Oxford [England] ;
|a New York :
|b Oxford University Press,
|c 1989.
|
| 300 |
|
|
|a xvii, 251 p. ;
|c 19 cm.
|
| 490 |
|
4 |
|a The World's classics
|
| 500 |
|
|
|a "A revised edition, with a new introduction, of Ancient literary criticism, first published 1972"--T.p. verso.
|
| 504 |
|
|
|a Includes bibliographical references (p. [217]-244) and index.
|
| 541 |
1 |
|
|e 00013967
|
| 650 |
|
0 |
|a Classical literature
|x History and criticism
|x Theory, etc.
|
| 650 |
|
0 |
|a Criticism
|z Greece.
|
| 650 |
|
0 |
|a Criticism
|z Rome.
|
| 700 |
1 |
|
|a Russell, D. A.
|q (Donald Andrew).
|t Ancient literary criticism.
|
| 700 |
1 |
|
|a Winterbottom, Michael,
|d 1934-
|
| 852 |
4 |
|
|a Ayesha Abed Library
|j General shelf
|
| 999 |
|
|
|c 2147
|d 2147
|
| 952 |
|
|
|0 0
|1 0
|2 ddc
|4 0
|6 801_950938000000000_CLA
|7 0
|9 1978
|a BRACUL
|b BRACUL
|c GEN
|d 2009-07-07
|g 360.00
|l 1
|m 5
|o 801.950938 CLA
|p 3010013967
|r 2025-04-26
|s 2025-03-08
|t 1
|v 720.00
|w 2009-07-07
|y BK
|
| 952 |
|
|
|0 0
|1 0
|2 ddc
|4 0
|6 801_950938000000000_CLA
|7 0
|9 13676
|a BRACUL
|b BRACUL
|c GEN
|d 2010-12-28
|l 2
|m 15
|o 801.950938 CLA
|p 3010014382
|r 2022-10-12
|s 2022-10-06
|t 2
|w 2010-12-28
|y BK
|